000 00755nam a2200241Ia 4500
001 11354
003 GE_BSU
008 181216s||||||||xx |||||||||||||| ||und||
020 _a9785922809702
040 _cGE_BSU
080 _a33
100 _aКостюнина,Г.М.
245 _aИнтеграционные процессы в западном полушарии.
245 _bМонография.
245 _cРед:Ю.С.Айвазян; Худ:М.М.Летухова.
260 _aМосква.
260 _bМгимо-Университет.
260 _c2013.
300 _a318стр;20см.
541 _h48л.
653 _aИнтеграционные процессы в западном полушарии.
942 _cBK
999 _c44551
_d44551